000 00195nam a2200109Ia 4500
100 _a#N/A
942 _cBK
654 _alinux
245 _aLinux 2005
260 _b#N/A
_c2005
546 _aENGLISH
999 _c26733
_d26733